=LDR 00000nam 2200000 4500 =001 INLIS000000000058989 =005 20211018101043 =035 ##$$a 0010-1021000437 =007 ta =008 211018###########################0#ind## =020 ##$$a 979-3464-12-7 =082 ##$$a 658.404 =084 ##$$a 658.404 Min a =245 1#$$a Alpha Teach Yourself Project Management : $b Dalam 24 Jam /$c Mingus Nancy =300 ##$$a 455 halaman : $b ilustrasi ; $c 21 cm =650 #4$$a proyek - Manajemen =264 ##$$a Jakarta :$b Pranada,$c 2004 =336 ##$$a teks$2 rdacontent =337 ##$$a lain-lain$2 rdamedia =338 ##$$a lain-lain$2 rdacarrier =990 ##$$a 21422142